|
|
|
|
| LEADER |
00000nab a2200000 a 4500 |
| 001 |
vtls008622068 |
| 003 |
SK-MaSNL |
| 005 |
20260304180135.0 |
| 008 |
250505c2005 xo zr|p|||an |000 b|slo |
| 015 |
|
|
|a SNBRB2006/02
|
| 035 |
|
|
|a (uuid)d435a4ff-d944-4025-83a1-f544eda578e8
|
| 035 |
|
|
|a urn:nbn:sk:snk-ab9tv7
|
| 035 |
|
|
|a (urnnbn)urn:nbn:sk:snk:ar-a08ut3
|
| 038 |
|
|
|a SPK
|
| 040 |
|
|
|a SNKBUCL
|b slo
|c SNKBUCL
|e AACR2
|
| 041 |
0 |
|
|a slo
|b slo
|
| 044 |
|
|
|a xo
|c SK
|
| 080 |
|
|
|a 37.018.43
|2 1997
|
| 080 |
|
|
|a 004
|2 1997
|
| 100 |
1 |
|
|a Pomffyová, Mária
|4 aut
|9 10249
|
| 245 |
1 |
0 |
|a Zefektívnenie procesu dištančného vzdelávania
|c Mária Pomffyová
|
| 300 |
|
|
|b Grafy, obr., tab.
|
| 504 |
|
|
|a Bibliogr. odkazy
|
| 546 |
|
|
|a Res. angl., slov.
|
| 650 |
0 |
7 |
|a dištančné vzdelávanie
|2 spk
|9 4329
|
| 650 |
0 |
7 |
|a informačné technológie
|2 spk
|9 1527
|
| 650 |
0 |
7 |
|a e-learning
|2 spk
|9 28660
|
| 650 |
0 |
7 |
|a efektívnosť vzdelávania
|2 spk
|9 71466
|
| 650 |
0 |
7 |
|a univerzita
|2 spk
|9 1027037
|
| 650 |
0 |
7 |
|a prieskum
|2 spk
|9 590184
|
| 773 |
0 |
|
|t Technológia vzdelávania
|g Roč. XIII, č. 9 (2005),
|g Č. 9 (2005), s. 8
|x 1335-003X
|
| 773 |
0 |
|
|t Slovenský učiteľ
|g Roč. XIII, č. 9 (2005),
|g Č. 9 (2005), s. 8
|x 1335-003X
|
| 850 |
|
|
|a Slovenská národná knižnica
|
| 852 |
|
|
|a Slovenská národná knižnica
|
| 954 |
|
|
|a odborná, vedecká literatúra pôvodná (slovenská)
|2 lita
|
| 958 |
|
|
|a article13
|
| 958 |
|
|
|a NB
|
| 958 |
|
|
|a OND
|
| 958 |
|
|
|a EUIPO
|
| 999 |
|
|
|c 3016721
|d 3018651
|